<?xml version="1.0" encoding="UTF-8"?>
<record
    xmlns:xsi="http://www.w3.org/2001/XMLSchema-instance"
    xsi:schemaLocation="http://www.loc.gov/MARC21/slim http://www.loc.gov/standards/marcxml/schema/MARC21slim.xsd"
    xmlns="http://www.loc.gov/MARC21/slim">

  <leader>00506nam a22001697a 4500</leader>
  <datafield tag="999" ind1=" " ind2=" ">
    <subfield code="c">32263</subfield>
    <subfield code="d">32263</subfield>
  </datafield>
  <controlfield tag="008">260427b           ||||| |||| 00| 0 eng d</controlfield>
  <datafield tag="020" ind1=" " ind2=" ">
    <subfield code="a">9788125918653</subfield>
  </datafield>
  <datafield tag="082" ind1="0" ind2="0">
    <subfield code="a">531</subfield>
    <subfield code="b">R1615</subfield>
  </datafield>
  <datafield tag="100" ind1=" " ind2=" ">
    <subfield code="9">3302</subfield>
    <subfield code="a">Rajasekaran, S.</subfield>
  </datafield>
  <datafield tag="245" ind1="1" ind2="0">
    <subfield code="a">Fundamentals of&#xA0;engineering&#xA0;mechanics /</subfield>
  </datafield>
  <datafield tag="250" ind1=" " ind2=" ">
    <subfield code="a">3rd ed.</subfield>
  </datafield>
  <datafield tag="260" ind1=" " ind2=" ">
    <subfield code="a">Noida :</subfield>
    <subfield code="b">Vikas Publishing House pvt ltd,</subfield>
    <subfield code="c">2005.</subfield>
  </datafield>
  <datafield tag="300" ind1=" " ind2=" ">
    <subfield code="a">Ind2 p.</subfield>
  </datafield>
  <datafield tag="650" ind1=" " ind2="0">
    <subfield code="a">Mechanics</subfield>
  </datafield>
  <datafield tag="700" ind1=" " ind2=" ">
    <subfield code="9">5411</subfield>
    <subfield code="a">Sankarasubramanian, G.</subfield>
  </datafield>
  <datafield tag="942" ind1=" " ind2=" ">
    <subfield code="c">BK</subfield>
  </datafield>
  <datafield tag="952" ind1=" " ind2=" ">
    <subfield code="0">0</subfield>
    <subfield code="1">0</subfield>
    <subfield code="2">ddc</subfield>
    <subfield code="4">0</subfield>
    <subfield code="6">531_000000000000000_R1615</subfield>
    <subfield code="7">0</subfield>
    <subfield code="9">61022</subfield>
    <subfield code="a">CL</subfield>
    <subfield code="b">CL</subfield>
    <subfield code="d">2026-04-27</subfield>
    <subfield code="o">531 R1615</subfield>
    <subfield code="p">G01857</subfield>
    <subfield code="r">2026-04-27</subfield>
    <subfield code="y">BK</subfield>
  </datafield>
  <datafield tag="952" ind1=" " ind2=" ">
    <subfield code="0">0</subfield>
    <subfield code="1">0</subfield>
    <subfield code="2">ddc</subfield>
    <subfield code="4">0</subfield>
    <subfield code="6">531_000000000000000_R1615</subfield>
    <subfield code="7">0</subfield>
    <subfield code="9">61023</subfield>
    <subfield code="a">CL</subfield>
    <subfield code="b">CL</subfield>
    <subfield code="d">2026-04-27</subfield>
    <subfield code="o">531 R1615</subfield>
    <subfield code="p">G01858</subfield>
    <subfield code="r">2026-04-27</subfield>
    <subfield code="y">BK</subfield>
  </datafield>
  <datafield tag="952" ind1=" " ind2=" ">
    <subfield code="0">0</subfield>
    <subfield code="1">0</subfield>
    <subfield code="2">ddc</subfield>
    <subfield code="4">0</subfield>
    <subfield code="6">531_000000000000000_R1615</subfield>
    <subfield code="7">0</subfield>
    <subfield code="9">61024</subfield>
    <subfield code="a">CL</subfield>
    <subfield code="b">CL</subfield>
    <subfield code="d">2026-04-27</subfield>
    <subfield code="o">531 R1615</subfield>
    <subfield code="p">G01859</subfield>
    <subfield code="r">2026-04-27</subfield>
    <subfield code="y">BK</subfield>
  </datafield>
  <datafield tag="952" ind1=" " ind2=" ">
    <subfield code="0">0</subfield>
    <subfield code="1">0</subfield>
    <subfield code="2">ddc</subfield>
    <subfield code="4">0</subfield>
    <subfield code="6">531_000000000000000_R1615</subfield>
    <subfield code="7">0</subfield>
    <subfield code="9">61025</subfield>
    <subfield code="a">CL</subfield>
    <subfield code="b">CL</subfield>
    <subfield code="d">2026-04-27</subfield>
    <subfield code="o">531 R1615</subfield>
    <subfield code="p">G01860</subfield>
    <subfield code="r">2026-04-27</subfield>
    <subfield code="y">BK</subfield>
  </datafield>
  <datafield tag="952" ind1=" " ind2=" ">
    <subfield code="0">0</subfield>
    <subfield code="1">0</subfield>
    <subfield code="2">ddc</subfield>
    <subfield code="4">0</subfield>
    <subfield code="6">531_000000000000000_R1615</subfield>
    <subfield code="7">0</subfield>
    <subfield code="9">61026</subfield>
    <subfield code="a">CL</subfield>
    <subfield code="b">CL</subfield>
    <subfield code="d">2026-04-27</subfield>
    <subfield code="o">531 R1615</subfield>
    <subfield code="p">G01861</subfield>
    <subfield code="r">2026-04-27</subfield>
    <subfield code="y">BK</subfield>
  </datafield>
  <datafield tag="952" ind1=" " ind2=" ">
    <subfield code="0">0</subfield>
    <subfield code="1">0</subfield>
    <subfield code="2">ddc</subfield>
    <subfield code="4">0</subfield>
    <subfield code="6">531_000000000000000_R1615</subfield>
    <subfield code="7">0</subfield>
    <subfield code="9">61027</subfield>
    <subfield code="a">CL</subfield>
    <subfield code="b">CL</subfield>
    <subfield code="d">2026-04-27</subfield>
    <subfield code="o">531 R1615</subfield>
    <subfield code="p">G01862</subfield>
    <subfield code="r">2026-04-27</subfield>
    <subfield code="y">BK</subfield>
  </datafield>
  <datafield tag="952" ind1=" " ind2=" ">
    <subfield code="0">0</subfield>
    <subfield code="1">0</subfield>
    <subfield code="2">ddc</subfield>
    <subfield code="4">0</subfield>
    <subfield code="6">531_000000000000000_R1615</subfield>
    <subfield code="7">0</subfield>
    <subfield code="9">61028</subfield>
    <subfield code="a">CL</subfield>
    <subfield code="b">CL</subfield>
    <subfield code="d">2026-04-27</subfield>
    <subfield code="o">531 R1615</subfield>
    <subfield code="p">G01863</subfield>
    <subfield code="r">2026-04-27</subfield>
    <subfield code="y">BK</subfield>
  </datafield>
  <datafield tag="952" ind1=" " ind2=" ">
    <subfield code="0">0</subfield>
    <subfield code="1">0</subfield>
    <subfield code="2">ddc</subfield>
    <subfield code="4">0</subfield>
    <subfield code="6">531_000000000000000_R1615</subfield>
    <subfield code="7">0</subfield>
    <subfield code="9">61029</subfield>
    <subfield code="a">CL</subfield>
    <subfield code="b">CL</subfield>
    <subfield code="d">2026-04-27</subfield>
    <subfield code="o">531 R1615</subfield>
    <subfield code="p">G01864</subfield>
    <subfield code="r">2026-04-27</subfield>
    <subfield code="y">BK</subfield>
  </datafield>
  <datafield tag="952" ind1=" " ind2=" ">
    <subfield code="0">0</subfield>
    <subfield code="1">0</subfield>
    <subfield code="2">ddc</subfield>
    <subfield code="4">0</subfield>
    <subfield code="6">531_000000000000000_R1615</subfield>
    <subfield code="7">0</subfield>
    <subfield code="9">61030</subfield>
    <subfield code="a">CL</subfield>
    <subfield code="b">CL</subfield>
    <subfield code="d">2026-04-27</subfield>
    <subfield code="o">531 R1615</subfield>
    <subfield code="p">G01865</subfield>
    <subfield code="r">2026-04-27</subfield>
    <subfield code="y">BK</subfield>
  </datafield>
  <datafield tag="952" ind1=" " ind2=" ">
    <subfield code="0">0</subfield>
    <subfield code="1">0</subfield>
    <subfield code="2">ddc</subfield>
    <subfield code="4">0</subfield>
    <subfield code="6">531_000000000000000_R1615</subfield>
    <subfield code="7">0</subfield>
    <subfield code="9">61031</subfield>
    <subfield code="a">CL</subfield>
    <subfield code="b">CL</subfield>
    <subfield code="d">2026-04-27</subfield>
    <subfield code="o">531 R1615</subfield>
    <subfield code="p">G01866</subfield>
    <subfield code="r">2026-04-27</subfield>
    <subfield code="y">BK</subfield>
  </datafield>
  <datafield tag="952" ind1=" " ind2=" ">
    <subfield code="0">0</subfield>
    <subfield code="1">0</subfield>
    <subfield code="2">ddc</subfield>
    <subfield code="4">0</subfield>
    <subfield code="6">531_000000000000000_R1615</subfield>
    <subfield code="7">0</subfield>
    <subfield code="9">61032</subfield>
    <subfield code="a">CL</subfield>
    <subfield code="b">CL</subfield>
    <subfield code="d">2026-04-27</subfield>
    <subfield code="o">531 R1615</subfield>
    <subfield code="p">G01867</subfield>
    <subfield code="r">2026-04-27</subfield>
    <subfield code="y">BK</subfield>
  </datafield>
  <datafield tag="952" ind1=" " ind2=" ">
    <subfield code="0">0</subfield>
    <subfield code="1">0</subfield>
    <subfield code="2">ddc</subfield>
    <subfield code="4">0</subfield>
    <subfield code="6">531_000000000000000_R1615</subfield>
    <subfield code="7">0</subfield>
    <subfield code="9">61033</subfield>
    <subfield code="a">CL</subfield>
    <subfield code="b">CL</subfield>
    <subfield code="d">2026-04-27</subfield>
    <subfield code="o">531 R1615</subfield>
    <subfield code="p">G01868</subfield>
    <subfield code="r">2026-04-27</subfield>
    <subfield code="y">BK</subfield>
  </datafield>
  <datafield tag="952" ind1=" " ind2=" ">
    <subfield code="0">0</subfield>
    <subfield code="1">0</subfield>
    <subfield code="2">ddc</subfield>
    <subfield code="4">0</subfield>
    <subfield code="6">531_000000000000000_R1615</subfield>
    <subfield code="7">0</subfield>
    <subfield code="9">61034</subfield>
    <subfield code="a">CL</subfield>
    <subfield code="b">CL</subfield>
    <subfield code="d">2026-04-27</subfield>
    <subfield code="o">531 R1615</subfield>
    <subfield code="p">G01869</subfield>
    <subfield code="r">2026-04-27</subfield>
    <subfield code="y">BK</subfield>
  </datafield>
  <datafield tag="952" ind1=" " ind2=" ">
    <subfield code="0">0</subfield>
    <subfield code="1">0</subfield>
    <subfield code="2">ddc</subfield>
    <subfield code="4">0</subfield>
    <subfield code="6">531_000000000000000_R1615</subfield>
    <subfield code="7">0</subfield>
    <subfield code="9">61035</subfield>
    <subfield code="a">CL</subfield>
    <subfield code="b">CL</subfield>
    <subfield code="d">2026-04-27</subfield>
    <subfield code="o">531 R1615</subfield>
    <subfield code="p">G01870</subfield>
    <subfield code="r">2026-04-27</subfield>
    <subfield code="y">BK</subfield>
  </datafield>
  <datafield tag="952" ind1=" " ind2=" ">
    <subfield code="0">0</subfield>
    <subfield code="1">0</subfield>
    <subfield code="2">ddc</subfield>
    <subfield code="4">0</subfield>
    <subfield code="6">531_000000000000000_R1615</subfield>
    <subfield code="7">0</subfield>
    <subfield code="9">61036</subfield>
    <subfield code="a">CL</subfield>
    <subfield code="b">CL</subfield>
    <subfield code="d">2026-04-27</subfield>
    <subfield code="o">531 R1615</subfield>
    <subfield code="p">G01871</subfield>
    <subfield code="r">2026-04-27</subfield>
    <subfield code="y">BK</subfield>
  </datafield>
  <datafield tag="952" ind1=" " ind2=" ">
    <subfield code="0">0</subfield>
    <subfield code="1">0</subfield>
    <subfield code="2">ddc</subfield>
    <subfield code="4">0</subfield>
    <subfield code="6">531_000000000000000_R1615</subfield>
    <subfield code="7">0</subfield>
    <subfield code="9">61037</subfield>
    <subfield code="a">CL</subfield>
    <subfield code="b">CL</subfield>
    <subfield code="d">2026-04-27</subfield>
    <subfield code="o">531 R1615</subfield>
    <subfield code="p">G01872</subfield>
    <subfield code="r">2026-04-27</subfield>
    <subfield code="y">BK</subfield>
  </datafield>
</record>
